Porovnanie verejných financií vybraných krajín EÚ bakalárska práca

Guardado en:
Detalles Bibliográficos
Autor principal: Považanová, Viktória
Autor Corporativo: Národohospodárska fakulta EU. Katedra financií
Otros Autores: Beličková, Kornélia, 1966-
Formato: Libro
Lenguaje:eslovaco
Publicado: Bratislava 2017
Etiquetas: Agregar Etiqueta
Sin Etiquetas, Sea el primero en etiquetar este registro!

MARC

LEADER 00000nbm a2200000 4500
001 0233705
005 20171107095714.5
041 0 |a slo 
044 |a SK 
245 1 0 |a Porovnanie verejných financií vybraných krajín EÚ  |b bakalárska práca  |c Viktória Považanová ; školiteľ: Kornélia Beličková 
264 1 |a Bratislava  |c 2017 
300 |a 48 s. 
100 1 |a Považanová, Viktória 
700 1 |a Beličková, Kornélia, 1966- 
710 2 |a Národohospodárska fakulta EU. Katedra financií